Statistiques concernant Les 10 pays d'Asie les plus froids

Cliquez ici pour prendre le quiz!

Statistiques générales

  • Ce quiz a été pris 4,158 fois
  • Le résultat moyen est 8 sur 10

Statistiques - réponses

° C Pays % Correct
-0,70Mongolie
97%
6,95Chine
92%
6,40Kazakhstan
88%
8,10Népal
85%
5,70Corée du Nord
82%
1,55Kirghizistan
73%
2,00Tadjikistan
73%
7,40Bhoutan
70%
5,80Géorgie
66%
7,15Arménie
63%

Distribution des résultats

Percentile par nombre de réponses

% des personnes avec chaque résultat

Votre développement - résultats

Vous n’avez pas pris ce quiz